10 US States with Highest Percent in Prison - Statistics

General Stats
  • This quiz has been taken 88 times
  • The average score is 8 of 10
Answer Stats
rate state % Correct
1,130 Texas
94%
990 Florida
91%
1,230 Alabama
84%
1,270 Mississippi
83%
1,220 Georgia
78%
980 New Mexico
76%
1,010 Arkansas
73%
1,420 Louisiana
73%
1,090 Arizona
70%
1,300 Oklahoma
67%
No matching quizzes found
Score Distribution
Percent of People with Each Score
Percentile by Number Answered
Your Score History
You have not taken this quiz